|
|
|
|
| LEADER |
01107nam a2200241 a 4500 |
| 001 |
15607186 |
| 008 |
090614s2005 bg bf 000 0 eng d |
| 010 |
|
|
|a 2009341165
|
| 040 |
|
|
|a DLC
|c DLC
|
| 082 |
0 |
0 |
|a 658.15
|2 22
|
| 100 |
1 |
|
|a Shaykhul Islam, Abu Sayed Md.
|
| 245 |
0 |
0 |
|a Doing business in Bangladesh :
|b procedure, prospects, problems /
|c Abu Sayed Md. Shaykhul Islam.
|
| 250 |
|
|
|a 1st ed.
|
| 260 |
|
|
|a Dhaka :
|b FATCOM Bangladesh Ltd.,
|c 2005.
|
| 300 |
|
|
|a 291 p. ;
|c 22 cm.
|
| 504 |
|
|
|a Includes bibliographical references (p. 291).
|
| 541 |
1 |
|
|e 00015323
|
| 650 |
|
0 |
|a Business enterprises, Foreign
|z Bangladesh.
|
| 650 |
|
0 |
|a Investments, Foreign
|z Bangladesh.
|
| 852 |
4 |
|
|a Ayesha Abed Library
|j General Shelf.
|
| 999 |
|
|
|c 1544
|d 1544
|
| 952 |
|
|
|0 0
|1 0
|2 ddc
|4 0
|6 658_150000000000000_SHA
|7 0
|9 1419
|a BRACUL
|b BRACUL
|c GEN
|d 2009-06-28
|g 250.00
|l 21
|m 158
|o 658.15 SHA
|p 3010015323
|q 2026-02-24
|r 2025-06-25
|s 2025-06-25
|t 1
|v 500.00
|w 2009-06-28
|y BK
|
| 952 |
|
|
|0 0
|1 0
|2 ddc
|4 0
|6 658_150000000000000_SHA
|7 0
|9 18076
|a BRACUL
|b BRACUL
|c GEN
|d 2011-09-18
|g 250.00
|l 5
|m 52
|o 658.15 SHA
|p 3010013702
|r 2025-04-27
|s 2025-04-13
|t 2
|w 2011-09-18
|y BK
|